000 00303nam a22001217a 4500
008 190314b xxu||||| |||| 00| 0 eng d
041 _aeng
080 _a043.3
100 _a0
101 _aSHKI-BA
245 _aHow Blockchain could revolutionize the Internet of Things
_cKajtazaj, S
942 _2udc
_cBK
999 _c54813
_d54813